Guerra de Jugurta

Uloženo v:
Podrobná bibliografie
Hlavní autor: Salustio, Cayo Crispo (Autor)
Médium: Kniha
Jazyk:španělština
Vydáno: Madrid Gredos 1971
Vydání:3a. ed
Edice:Colección Gredos Bilingüe
Témata:
Tagy: Přidat tag
Žádné tagy, Buďte první, kdo vytvoří štítek k tomuto záznamu!

MARC

LEADER 00000nam a2200000 a 4500
001 UCW9362
003 CL-VaPUC
008 890330e19710000SP |||||||||||||||||spa|d
082 0 4 |a 937.05  |b SAL  |2 21 
100 0 |a Salustio, Cayo Crispo  |e author  |9 314613 
245 1 0 |a Guerra de Jugurta 
250 |a 3a. ed 
300 |a 402 p 
942 |c BK 
945 |d 19890330 00:00:00 
260 |a Madrid  |b Gredos  |c 1971 
650 0 |a Historia  |9 255047 
651 0 |a Roma   |9 255106 
583 |a last modification  |c 19890330 00:00:00  |k Rodrigo Vera 
490 0 |a Colección Gredos Bilingüe 
999 |c 221362  |d 221360 
952 |0 0  |1 0  |4 0  |6 937_050000000000000_SAL_1971  |7 0  |8 A  |9 214588  |a BIBHIS  |b BIBHIS  |d 2019-11-15  |i 283166K  |o 937.05 SAL 1971  |p 283166K  |r 2025-01-20  |w 2019-11-15  |y BK  |k HIS